Sri Guru Granth Sahib (Record no. 11527)

MARC details
000 -LEADER
fixed length control field 00710nam a2200253 a 4500
020 ## - INTERNATIONAL STANDARD BOOK NUMBER
ISBN
082 00 - DEWEY DECIMAL CLASSIFICATION NUMBER
Classification number 294.682
Author Cutter GOP
100 ## - MAIN ENTRY--AUTHOR NAME
Author name Gopal, Singh
245 ## - TITLE STATEMENT
Title Sri Guru Granth Sahib
260 ## - PUBLICATION, DISTRIBUTION, ETC. (IMPRINT)
Place of publication Delhi
Name of publisher World Book Centre
Year of publication 1993
300 ## - PHYSICAL DESCRIPTION
Number of Pages 336p
500 ## - GENERAL NOTE
General note includes index and biblioraphy
505 2# - FORMATTED CONTENTS NOTE
Formatted contents note Glossary
505 2# - FORMATTED CONTENTS NOTE
Formatted contents note Glossary00
650 ## - SUBJECT ADDED ENTRY--TOPICAL TERM
Topical Term Guru Granth Sahib Sri
942 ## - ADDED ENTRY ELEMENTS (KOHA)
Koha item type Books
700 1# -
-- Gopal, Singh
Holdings
Collection code Home library Current library Shelving location Date acquired Cost, normal purchase price Full call number Accession Number Koha item type
Reference Henry Martyn Institute Library Henry Martyn Institute Library Reference   1050.00 294.682 GOP 016195 Books
Reference Henry Martyn Institute Library Henry Martyn Institute Library Reference   1050.00 294.682 GOP 016196 Books
Reference Henry Martyn Institute Library Henry Martyn Institute Library Reference   1050.00 294.682 GOP 016197 Books
Reference Henry Martyn Institute Library Henry Martyn Institute Library Reference   1050.00 294.682 GOP 016198 Books
                   Copyright © 2026 | Henry Martyn Institute | Hyderabad | TS-500052 | INDIA | Implemented by hmi.edu.in
Hit-Count:

Powered by Koha